Catálogo
 En Linea

Ortega Muñoz / (Registro nro. 6928)

Detalles MARC
000 -CABECERA
campo de control de longitud fija 00860cam a2200229 a 4500
001 - NÚMERO DE CONTROL
campo de control 000007147
005 - FECHA Y HORA DE LA ÚLTIMA TRANSACCIÓN
campo de control 20200929154059.0
008 - DATOS DE LONGITUD FIJA--INFORMACIÓN GENERAL
campo de control de longitud fija 831214s1970 sp a 001 0beng
040 ## - FUENTE DE LA CATALOGACIÓN
Centro catalogador/agencia de origen DO-SdBNP
Centro/agencia transcriptor CarP
Centro/agencia modificador DLC
082 ## - NÚMERO DE LA CLASIFICACIÓN DECIMAL DEWEY
Número de clasificación 928.946
Número de documento/Ítem O77C
100 1# - ENTRADA PRINCIPAL--NOMBRE DE PERSONA
Nombre de persona Campoy, Antonio Manuel.
9 (RLIN) 19833
245 10 - MENCIÓN DE TÍTULO
Título Ortega Muñoz /
Mención de responsabilidad, etc. Antonio Manuel Campoy ; presentado por Florentino Pérez-Embid.
260 ## - PUBLICACIÓN, DISTRIBUCIÓN, ETC.
Lugar de publicación, distribución, etc. Madrid :
Nombre del editor, distribuidor, etc. Dirección General de Bellas Artes,
Fecha de publicación, distribución, etc. 1970.
300 ## - DESCRIPCIÓN FÍSICA
Extensión 83 p. :
Otras características físicas il. ;
Dimensiones 17 cm.
490 1# - MENCIÓN DE SERIE
Mención de serie Artistas Españoles contemporáneos
Designación de volumen o secuencia no. 2
600 14 - PUNTO DE ACCESO ADICIONAL DE MATERIA--NOMBRE DE PERSONA
Nombre de persona ORTEGA MUÑOZ, GODOFREDO,
Fechas asociadas al nombre 1905-1982.
9 (RLIN) 19834
650 #4 - PUNTO DE ACCESO ADICIONAL DE MATERIA--TÉRMINO DE MATERIA
Término de materia o nombre geográfico como elemento de entrada Literatura española
9 (RLIN) 632
700 1# - PUNTO DE ACCESO ADICIONAL--NOMBRE DE PERSONA
Nombre de persona Ortega Muñoz, Godofredo,
Fechas asociadas al nombre 1905-1982.
9 (RLIN) 19835
700 1# - PUNTO DE ACCESO ADICIONAL--NOMBRE DE PERSONA
Nombre de persona Pérez-Embid, Florentino
9 (RLIN) 19836
830 #0 - PUNTO DE ACCESO ADICIONAL DE SERIE-TÍTULO UNIFORME
Título uniforme Artistas Españoles contemporáneos ;
Designación de volumen o secuencia no. 2.
9 (RLIN) 19837
910 ## - DATOS DE OPCIÓN DEL USUARIO (OCLC)
Datos de opción del usuario Catalogación por copia / LC
Existencias
Estado de retiro Estado de pérdida Restricciones de uso No para préstamo Código de colección Localización permanente Ubicación/localización actual Ubicación en estantería Fecha de adquisición Número de inventario Total de préstamos Signatura topográfica completa Código de barras Fecha visto por última vez Precio válido a partir de Tipo de ítem Koha
    Préstamo interno   Monografías: Libros y Folletos General General En catalogación 04.09.2009 LF1   928.946 O77C 7147-10 25.06.2020 25.06.2020 Préstamo interno

Con tecnología Koha